LEADER 02709oam 2200709I 450 001 9910971102203321 005 20251116155512.0 010 $a1-136-62616-6 010 $a0-203-80234-9 010 $a1-283-88543-3 010 $a1-136-62617-4 024 7 $a10.4324/9780203802342 035 $a(CKB)2550000000710312 035 $a(EBL)1099328 035 $a(OCoLC)823389415 035 $a(SSID)ssj0000810927 035 $a(PQKBManifestationID)11432014 035 $a(PQKBTitleCode)TC0000810927 035 $a(PQKBWorkID)10847334 035 $a(PQKB)11657939 035 $a(MiAaPQ)EBC1099328 035 $a(Au-PeEL)EBL1099328 035 $a(CaPaEBR)ebr10639188 035 $a(CaONFJC)MIL419793 035 $a(OCoLC)826904361 035 $a(FINmELB)ELB136303 035 $a(EXLCZ)992550000000710312 100 $a20180706e20111986 uy 0 101 0 $aeng 135 $aur|n|---||||| 181 $ctxt 182 $cc 183 $acr 200 10$aFamily and kinship in east London /$fMichael Young and Peter Willmott 205 $a1st ed. 210 1$aAbingdon, Oxon ;$aNew York :$cRoutledge,$d2011. 215 $a1 online resource (269 p.) 225 1 $aRoutledge revivals 225 0$aRoutledge revivals 300 $a"Reprinted with a new introduction in 1986 by Routledge & Kegan Paul"--T.p. verso. 311 08$a0-415-67954-0 320 $aIncludes bibliographical references and index. 327 $apt. 1. Kinship in Bethnal Green -- pt. 2. Families on the move. 330 $aFirst published in 1957 ,and reprinted with a new introduction in 1986, Michael Young and Peter Willmott's book on family and kinship in Bethnal Green in the 1950s is a classic in urban studies. A standard text in planning, housing, family studies and sociology, it predicted the failure in social terms of the great rehousing campaign which was getting under way in the 1950s. The tall flats built to replace the old 'slum' houses were unpopular. Social networks were broken up. The book had an immediate impact when it appeared - extracts were published in the newspapers, the sales were 410 0$aRoutledge Revivals 606 $aFamilies$zEngland$zLondon 606 $aKinship$zEngland$zLondon 607 $aEast End (London, England) 615 0$aFamilies 615 0$aKinship 676 $a301.42 676 $a306.85094215 676 $a392 700 $aYoung$b Michael Dunlop$f1915-2002,$027714 701 $aWillmott$b Peter$f1923-2000.$0101982 801 0$bMiAaPQ 801 1$bMiAaPQ 801 2$bMiAaPQ 906 $aBOOK 912 $a9910971102203321 996 $aFamily and kinship in East London$91741487 997 $aUNINA